Issledovanije processov obrabotki metallov rezaniem

Gespeichert in:
Bibliographische Detailangaben
Format: Buch
Sprache:Russisch
Veröffentlicht: Moskva : Ogorongiz, 1960
Schlagworte:
Tags: Tag hinzufügen
Keine Tags, Fügen Sie das erste Tag hinzu!

MARC

LEADER 00000nam a22000003a 4500
001 stu37243
005 20141122052929.4
008 920706s1960----xxr-----------------rus-d
040 |a STU  |b slo 
041 0 |a rus 
044 |a xxr 
080 |a 621.937 
245 |a Issledovanije processov obrabotki metallov rezaniem 
260 |a Moskva :  |b Ogorongiz,  |c 1960 
300 |a 168 s 
650 7 |a rezanie  |2 stusub 
996 |b 284M015881  |c M*3808-1  |l MMKN  |s A  |a 24  |w stu37243_0001